00450nam a2200109Ia 4500008004100000050002300041100003000064245011300094260008600207300002000293521002700313140724s9999 xx 000 0 und d aT 58.6b.G258 2012 aGatchalian, Allen Troy L. aTime management system and billing software of Desiree Ocean's Internet Café /cAllen Troy L. Gatchalianl. aLas Piñas, Philippines :bSouthville International School and Colleges,cc2012. a39 p. :c28 cm. aInformation Technology